000 00364nam a2200145Ia 4500
008 100122s9999 xx 000 0 und d
082 _b54765
_a920.72
100 _aकरंदीकर सुमा
245 _aरास
260 _bमौज प्रकाशन
_c1998
300 _a110
630 _aरास
730 _aरास
942 _cBOOK
999 _c431586
_d431583